[Event "Berlin-ch Seniors op 27th"]
[Site "Berlin"]
[Date "2011.01.30"]
[Round "2"]
[White "Lakakis, Ioannis"]
[Black "Kammler, Hans Joachim"]
[Result "1-0"]
[WhiteElo "1713"]
[BlackElo "1518"]
[PlyCount "55"]
[EventDate "2011.01.29"]
[EventType "swiss"]
[EventRounds "9"]
[EventCountry "GER"]
[SourceTitle "EXT 2012"]
[Source "ChessBase"]
[SourceDate "2011.11.24"]
[SourceVersion "1"]
[SourceVersionDate "2011.11.24"]
[SourceQuality "1"]

1. e4 e6 2. c4 c6 3. Nc3 Bb4 4. Be2 Ne7 5. Nf3 Bxc3 6. bxc3 d5 7. cxd5 exd5 8. exd5 Nxd5 9. Ba3 Qa5 10. Qb3 b5 11. 0-0 Be6 12. Nd4 a6 13. Nxe6 fxe6 14. Bg4 Kf7 15. Rae1 Re8 16. Bb4 Qd8 17. c4 Nxb4 18. Qxb4 a5 19. Qc5 Nd7 20. Qh5+ Kg8 21. Bxe6+ Rxe6 22. Rxe6 Nf6 23. Qg5 Kh8 24. h3 Qd4 25. Ree1 Rf8 26. Re2 bxc4 27. Re7 Nd5 28. Rd7 1-0

[Event "Berlin-ch Seniors op 26th"]
[Site "Berlin"]
[Date "2010.02.13"]
[Round "5"]
[White "Lakakis, Ioannis"]
[Black "Schulz, Manfred"]
[Result "1/2-1/2"]
[WhiteElo "1697"]
[BlackElo "1496"]
[PlyCount "96"]
[EventDate "2010.02.09"]
[EventType "swiss"]
[EventRounds "9"]
[EventCountry "GER"]
[SourceTitle "EXT 2012"]
[Source "ChessBase"]
[SourceDate "2011.11.24"]
[SourceVersion "1"]
[SourceVersionDate "2011.11.24"]
[SourceQuality "1"]

1. e4 c5 2. Nf3 e6 3. d4 cxd4 4. Nxd4 Nf6 5. Nc3 Bb4 6. Bd3 d5 7. e5 Ne4 8. a3 Nxc3 9. 0-0 Nxd1 10. axb4 a6 11. Rxd1 Nc6 12. Nxc6 bxc6 13. b5 0-0 14. bxc6 Qc7 15. b4 Qxc6 16. b5 Qc3 17. Bd2 Qxe5 18. bxa6 Qd6 19. a7 f5 20. Be3 d4 21. Be2 e5 22. Bf3 e4 23. Rxd4 Qc7 24. Be2 f4 25. Rc4 Qb7 26. Bc5 Rd8 27. Rb4 Qxb4 28. Bxb4 Bb7 29. h3 Rac8 30. c3 f3 31. gxf3 exf3 32. Bd1 Ba8 33. Bb3+ Kh8 34. Be6 Rc6 35. Bf5 g6 36. Be4 Re6 37. Ba5 Ra6 38. c4 Rxa5 39. Rxa5 Bxe4 40. c5 Ba8 41. Rb5 Kg7 42. Rb8 Rf8 43. Kh2 g5 44. Kg3 h5 45. Rb6 Rf7 46. Rd6 Rxa7 47. c6 Kf7 48. Rh6 Kg7 1/2-1/2

[Event "World Amateur-ch"]
[Site "Thessaloniki"]
[Date "2009.04.29"]
[Round "4"]
[White "Toma, Radu Cristian"]
[Black "Lakakis, Ioannis"]
[Result "1-0"]
[WhiteElo "1979"]
[BlackElo "1876"]
[PlyCount "113"]
[EventDate "2009.04.27"]
[EventType "swiss"]
[EventRounds "9"]
[EventCountry "GRE"]
[SourceTitle "CBM 130 Extra"]
[Source "ChessBase"]
[SourceDate "2009.07.02"]
[SourceVersion "2"]
[SourceVersionDate "2009.07.15"]
[SourceQuality "1"]

1. e4 c5 2. Nf3 Nc6 3. Bb5 g6 4. Bxc6 dxc6 5. d3 Nf6 6. Nc3 Bg7 7. Be3 b6 8. h3 0-0 9. Qd2 Ne8 10. Bh6 f6 11. Bxg7 Kxg7 12. Nh2 Rh8 13. h4 h5 14. 0-0-0 Nd6 15. Rdg1 c4 16. g4 cxd3 17. cxd3 Be6 18. Qe2 Kf7 19. f4 Ke8 20. e5 Nb5 21. exf6 Nxc3 22. Qxe6 Nd5 23. f7+ Kf8 24. Qe5 Kxf7 25. f5 Nf6 26. fxg6+ Ke8 27. g5 Qd5 28. Qc3 Rg8 29. gxf6 Rxg6 30. Qc4 Rd8 31. fxe7 Qxc4+ 32. dxc4 Rxg1+ 33. Rxg1 Rd4 34. Re1 Rxc4+ 35. Kd2 Rxh4 36. Nf3 Rf4 37. Ne5 Rd4+ 38. Ke3 Rd6 39. Kf4 Re6 40. Kg5 Rxe7 41. Nf3 Rxe1 42. Nxe1 Kf7 43. Kxh5 Kf6 44. Kg4 Ke5 45. Kf3 Kd4 46. Ke2 a5 47. Kd2 a4 48. Nc2+ Kc4 49. Ke3 c5 50. Na3+ Kb4 51. Kd3 b5 52. Ke4 Ka5 53. Kd5 Kb6 54. Nc2 b4 55. Kc4 Ka5 56. b3 Kb6 57. Ne1 1-0

[Event "Berlin-ch Seniors op 25th"]
[Site "Berlin"]
[Date "2009.02.18"]
[Round "7"]
[White "Lakakis, Ioannis"]
[Black "Kohlmeyer, Dagobert"]
[Result "0-1"]
[WhiteElo "1683"]
[BlackElo "1940"]
[PlyCount "132"]
[EventDate "2009.02.12"]
[EventType "swiss"]
[EventRounds "9"]
[EventCountry "GER"]
[SourceTitle "EXT 2022"]
[Source "ChessBase"]
[SourceDate "2021.10.06"]
[SourceVersion "1"]
[SourceVersionDate "2021.10.06"]
[SourceQuality "1"]

1. e4 e6 2. c4 d5 3. cxd5 exd5 4. Qb3 Qe7 5. Nc3 Nf6 6. d3 c6 7. Bg5 Nbd7 8. Nf3 Nc5 9. Qc2 dxe4 10. dxe4 Ncxe4 11. Bxf6 Nxf6+ 12. Be2 g6 13. 0-0 Bg7 14. Bc4 0-0 15. Rfe1 Qc7 16. h3 Bf5 17. Bd3 Bxd3 18. Qxd3 Rad8 19. Qc2 Rfe8 20. Rxe8+ Rxe8 21. Rd1 Qa5 22. b3 Qc5 23. Qd2 Qb4 24. Qd3 h6 25. Nd2 Nh5 26. Nce4 Nf4 27. Qf3 Nd5 28. Nc4 f5 29. Ned2 Qc3 30. Nd6 Qxf3 31. Nxf3 Re2 32. a4 b6 33. Rd3 a5 34. Nc4 Bf6 35. g3 Kf7 36. h4 Rc2 37. Nce5+ Bxe5 38. Nxe5+ Ke6 39. Nxg6 b5 40. Nf8+ Kd6 41. Rf3 bxa4 42. bxa4 f4 43. Ng6 Rc1+ 44. Kg2 fxg3 45. Rxg3 Rc4 46. Ra3 Rg4+ 47. Rg3 Rxa4 48. f4 Ra2+ 49. Kf1 a4 50. Rd3 a3 51. Ne5 Ra1+ 52. Kf2 a2 53. Ra3 Nxf4 54. Nf7+ Kc5 55. Nxh6 Nd3+ 56. Kg2 Nb4 57. Nf5 Rb1 58. h5 a1Q 59. Rxa1 Rxa1 60. h6 Nd5 61. Ng7 Ra8 62. Kf3 Rh8 63. Nf5 Nf6 64. Kf4 Ng8 65. Ng3 Nxh6 66. Ne4+ Kd4 0-1

[Event "Berlin-ch Seniors op 25th"]
[Site "Berlin"]
[Date "2009.02.17"]
[Round "6"]
[White "Kornath, Heinrich"]
[Black "Lakakis, Ioannis"]
[Result "1-0"]
[WhiteElo "1945"]
[BlackElo "1683"]
[PlyCount "100"]
[EventDate "2009.02.12"]
[EventType "swiss"]
[EventRounds "9"]
[EventCountry "GER"]
[SourceTitle "EXT 2022"]
[Source "ChessBase"]
[SourceDate "2021.10.06"]
[SourceVersion "1"]
[SourceVersionDate "2021.10.06"]
[SourceQuality "1"]

1. e4 c5 2. Nf3 Nc6 3. Bb5 g6 4. Bxc6 dxc6 5. h3 Bg7 6. d3 Nf6 7. Nc3 0-0 8. Be3 b6 9. Qd2 Bb7 10. 0-0 Nd7 11. Nh2 f5 12. Bh6 e6 13. Rae1 Qh4 14. Bxg7 Kxg7 15. Nf3 Qf6 16. Re2 f4 17. e5 Qe7 18. Ne4 Ba6 19. Qc3 Kg8 20. Qa3 Bc8 21. Qb3 b5 22. a4 b4 23. Neg5 Nb6 24. c3 a5 25. Ne4 Nd7 26. Qc2 Kg7 27. Rd1 Rb8 28. b3 h6 29. d4 g5 30. dxc5 Rf5 31. Nd6 Rf8 32. Nd4 Bb7 33. Nxb7 Rxb7 34. Nxc6 Qxc5 35. Nd4 Re8 36. Qe4 Rb6 37. Nb5 Re7 38. Rd6 Nf8 39. Rd8 Rbb7 40. Ra8 Qb6 41. Nd6 Rbc7 42. Nc8 Qc5 43. Nxe7 Rxe7 44. Rb8 Qc7 45. Rb5 f3 46. Qxf3 Rf7 47. Qa8 Qd7 48. Qe4 Rf4 49. Qb7 Kg6 50. Qxd7 Nxd7 1-0

[Event "Berlin-ch Seniors op 24th"]
[Site "Berlin"]
[Date "2008.02.24"]
[Round "4"]
[White "Thur, Herbert"]
[Black "Lakakis, Ioannis"]
[Result "1-0"]
[WhiteElo "1365"]
[BlackElo "1643"]
[PlyCount "69"]
[EventDate "2008.02.21"]
[EventType "swiss"]
[EventRounds "9"]
[EventCountry "GER"]
[SourceTitle "EXT 2022"]
[Source "ChessBase"]
[SourceDate "2021.10.06"]
[SourceVersion "1"]
[SourceVersionDate "2021.10.06"]
[SourceQuality "1"]

1. d4 Nf6 2. e3 g6 3. c4 Bg7 4. Nf3 0-0 5. a3 c5 6. d5 d6 7. Nc3 a6 8. Be2 Bg4 9. h3 Bd7 10. 0-0 Qa5 11. Bd2 Qb6 12. Rb1 Qc7 13. b4 b6 14. Rb2 Ne4 15. Qc2 Nxd2 16. Qxd2 Qc8 17. Rfb1 f5 18. bxc5 bxc5 19. Rb7 f4 20. exf4 Bf5 21. R1b3 Nd7 22. g4 Bxc3 23. Qxc3 Be4 24. Qe3 Bxf3 25. Bxf3 Rf7 26. Kg2 Qe8 27. Qe6 Nf8 28. Qe4 e5 29. dxe6 Rxb7 30. Rxb7 Qxe6 31. Qxe6+ Nxe6 32. Bd5 Re8 33. f5 Kf8 34. fxe6 Re7 35. Rb6 1-0

[Event "Berlin-ch Seniors op 24th"]
[Site "Berlin"]
[Date "2008.02.23"]
[Round "3"]
[White "Lakakis, Ioannis"]
[Black "Albinus, Guenter"]
[Result "0-1"]
[WhiteElo "1643"]
[BlackElo "1782"]
[PlyCount "87"]
[EventDate "2008.02.21"]
[EventType "swiss"]
[EventRounds "9"]
[EventCountry "GER"]
[SourceTitle "EXT 2022"]
[Source "ChessBase"]
[SourceDate "2021.10.06"]
[SourceVersion "1"]
[SourceVersionDate "2021.10.06"]
[SourceQuality "1"]

1. e4 c5 2. Nf3 Nc6 3. d4 cxd4 4. Nxd4 Nf6 5. Nc3 d6 6. Be2 e6 7. 0-0 Be7 8. Be3 a6 9. f4 0-0 10. h3 Qc7 11. Qe1 b5 12. Nxc6 Qxc6 13. Bf3 e5 14. a3 Bb7 15. f5 Rfd8 16. Qg3 Qc4 17. Bh6 Bf8 18. Rae1 b4 19. axb4 Qxb4 20. Bg5 Be7 21. Bh6 g6 22. fxg6 hxg6 23. Nd5 Nxd5 24. Bh5 Nf4 25. Bxf4 exf4 26. Rxf4 Qd4+ 27. Kh1 Qg7 28. Be2 Bf6 29. Qf3 Be5 30. Rg4 Bc8 31. Bc4 Bxg4 32. Qxg4 Bxb2 33. Rf1 Ra7 34. Bd5 a5 35. Qg5 Rf8 36. Qe3 Bd4 37. Qa3 Bc5 38. Qa2 a4 39. Rf3 Qd4 40. Rf1 a3 41. Kh2 Qb2 42. Qc4 a2 43. c3 a1Q 44. Kg3 0-1

[Event "Berlin-ch Seniors op 23rd"]
[Site "Berlin"]
[Date "2007.02.06"]
[Round "2"]
[White "Lakakis, Ioannis"]
[Black "Barwich, Alfred"]
[Result "0-1"]
[WhiteElo "1687"]
[BlackElo "1967"]
[PlyCount "73"]
[EventDate "2007.02.05"]
[EventType "swiss"]
[EventRounds "9"]
[EventCountry "GER"]
[SourceTitle "EXT 2022"]
[Source "ChessBase"]
[SourceDate "2021.10.06"]
[SourceVersion "1"]
[SourceVersionDate "2021.10.06"]
[SourceQuality "1"]

1. e4 e5 2. Nf3 d6 3. Bc4 Nf6 4. d3 Be7 5. h3 c6 6. 0-0 Nbd7 7. a4 0-0 8. Nc3 Nc5 9. Ne2 d5 10. exd5 cxd5 11. Ba2 e4 12. Nfd4 Nxa4 13. dxe4 dxe4 14. Bxf7+ Rxf7 15. Rxa4 Qe8 16. c3 Bd7 17. Ra1 Kh8 18. Be3 Nd5 19. Qd2 Bd6 20. Ra5 Nxe3 21. Qxe3 b5 22. b4 Bc7 23. Ra3 Bb6 24. Re1 Re7 25. Ng3 Qg6 26. Nge2 Rc8 27. Rc1 Rf8 28. Qg3 Qe8 29. Re1 Bc8 30. Kh1 Bb7 31. Qg4 Re5 32. Ng3 h5 33. Qd1 h4 34. Nge2 Rxf2 35. Nf4 Rxf4 36. Rf1 Rxf1+ 37. Qxf1 0-1

[Event "Kalamaria op 3rd"]
[Site "Kalamaria"]
[Date "2006.09.02"]
[Round "4"]
[White "Lakakis, Ioannis"]
[Black "Stamenkov, Vanco"]
[Result "0-1"]
[WhiteElo "1972"]
[BlackElo "2367"]
[PlyCount "76"]
[EventDate "2006.08.30"]
[EventType "swiss"]
[EventRounds "9"]
[EventCountry "GRE"]
[SourceTitle "EXT 2007"]
[Source "ChessBase"]
[SourceDate "2006.11.23"]
[SourceVersion "1"]
[SourceVersionDate "2006.11.23"]
[SourceQuality "1"]

1. e4 c5 2. Nf3 a6 3. d4 cxd4 4. Nxd4 Nf6 5. Nc3 e5 6. Nb3 Bb4 7. Bd3 d5 8. Bg5 d4 9. a3 Be7 10. Ne2 Nc6 11. 0-0 0-0 12. h3 Be6 13. Nd2 h6 14. Bh4 g5 15. Bg3 Nd7 16. Kh1 Nc5 17. Bc4 Bxc4 18. Nxc4 Nxe4 19. Bh2 Bf6 20. Ng3 Nxg3+ 21. Bxg3 b5 22. Nd2 Bg7 23. Qh5 f5 24. Rae1 Qe8 25. Qd1 Qf7 26. Nb3 Rad8 27. Nc5 a5 28. Qd2 a4 29. f3 Qd5 30. Nd3 e4 31. fxe4 fxe4 32. Nb4 Nxb4 33. Qxb4 Rxf1+ 34. Rxf1 Qc4 35. Rf2 Qxb4 36. axb4 d3 37. cxd3 exd3 38. Rd2 Bxb2 0-1

[Event "Berlin op 04"]
[Site "Berlin"]
[Date "2006.04.22"]
[Round "8"]
[White "Lakakis, Ioannis"]
[Black "Burckhardt, Wolfram"]
[Result "0-1"]
[WhiteElo "1687"]
[BlackElo "1914"]
[PlyCount "50"]
[EventDate "2006.04.14"]
[EventType "swiss"]
[EventRounds "9"]
[EventCountry "GER"]
[SourceTitle "EXT 2007"]
[Source "ChessBase"]
[SourceDate "2006.11.23"]
[SourceVersion "1"]
[SourceVersionDate "2006.11.23"]
[SourceQuality "1"]

1. Nf3 Nf6 2. d4 d5 3. Bg5 Ne4 4. Bf4 e6 5. Nbd2 Bd6 6. Be3 f5 7. c4 f4 8. c5 fxe3 9. Nxe4 dxe4 10. cxd6 exf3 11. exf3 exf2+ 12. Kxf2 Qxd6 13. Bb5+ Bd7 14. Bxd7+ Nxd7 15. Re1 0-0-0 16. Rc1 Nb6 17. Re4 Rhe8 18. Kg1 e5 19. Qc2 exd4 20. Rh4 d3 21. Qc3 d2 22. Rd1 Qd3 23. Re4 Rxe4 24. fxe4 Qxc3 25. bxc3 Nc4 0-1

[Event "Berlin op 04"]
[Site "Berlin"]
[Date "2006.04.21"]
[Round "7"]
[White "Lakakis, Ioannis"]
[Black "Mielke, Sven"]
[Result "1/2-1/2"]
[WhiteElo "1687"]
[BlackElo "1934"]
[PlyCount "99"]
[EventDate "2006.04.14"]
[EventType "swiss"]
[EventRounds "9"]
[EventCountry "GER"]
[SourceTitle "EXT 2007"]
[Source "ChessBase"]
[SourceDate "2006.11.23"]
[SourceVersion "1"]
[SourceVersionDate "2006.11.23"]
[SourceQuality "1"]

1. e4 c5 2. Nf3 d6 3. d4 cxd4 4. Nxd4 Nf6 5. Bd3 a6 6. Nc3 e6 7. 0-0 b5 8. a3 Bb7 9. Be3 Nbd7 10. f3 Qc7 11. Nde2 Be7 12. Ng3 h5 13. h3 Rd8 14. Nge2 d5 15. exd5 Nxd5 16. Nxd5 Bxd5 17. Qe1 Nc5 18. Bxc5 Bxc5+ 19. Kh1 h4 20. Qc3 Bd6 21. Qxc7 Bxc7 22. b3 Bxb3 23. Bxb5+ axb5 24. cxb3 Rd2 25. Rac1 Bd8 26. Nc3 b4 27. axb4 0-0 28. Rfd1 Rb2 29. Rb1 Rc2 30. Rdc1 Rxc1+ 31. Rxc1 Bg5 32. Rd1 Rc8 33. Ne4 Bf4 34. Nc5 Rb8 35. Nd3 Bg3 36. Kg1 e5 37. Kf1 f5 38. Ke2 e4 39. fxe4 fxe4 40. Nc5 Rxb4 41. Ke3 Bc7 42. Nxe4 Rxb3+ 43. Rd3 Rb2 44. Kf3 Bb6 45. Nd2 Kh7 46. Ne4 g6 47. Ng5+ Kh6 48. Ne4 Bg1 49. Ra3 Bd4 50. Rd3 1/2-1/2

[Event "Brandenburg-ch Seniors 22nd"]
[Site "Berlin"]
[Date "2006.02.24"]
[Round "5"]
[White "Metzger, Eberhard"]
[Black "Lakakis, Ioannis"]
[Result "0-1"]
[WhiteElo "1721"]
[BlackElo "1687"]
[PlyCount "99"]
[EventDate "2006.02.20"]
[EventType "swiss"]
[EventRounds "9"]
[EventCountry "GER"]
[SourceTitle "EXT 2007"]
[Source "ChessBase"]
[SourceDate "2006.11.23"]
[SourceVersion "1"]
[SourceVersionDate "2006.11.23"]
[SourceQuality "1"]

1. e4 c5 2. Nc3 Nc6 3. g3 Nf6 4. Bg2 d6 5. d3 g6 6. Be3 Bg7 7. h3 0-0 8. f4 e6 9. Nf3 Rb8 10. 0-0 Nd7 11. f5 exf5 12. exf5 Nd4 13. fxg6 hxg6 14. Bf4 Ne5 15. Nxd4 cxd4 16. Ne4 Qb6 17. Rb1 Bd7 18. Qd2 Rbc8 19. Bh6 f6 20. Bxg7 Kxg7 21. g4 Be6 22. Qf4 Qd8 23. Rf2 g5 24. Qg3 Rc7 25. Rbf1 Rcf7 26. c3 dxc3 27. Nxc3 d5 28. d4 Ng6 29. Qe3 Qd7 30. Ne2 Qd6 31. Re1 Bd7 32. Qb3 Bc6 33. Ng3 Nh4 34. Nf5+ Nxf5 35. Rxf5 Rd8 36. Ref1 Qe6 37. Qf3 Rh8 38. Qg3 Re8 39. Qf2 Rd8 40. h4 gxh4 41. g5 Rh8 42. gxf6+ Kf8 43. Bh3 Rg8+ 44. Kh2 Rg3 45. Qf4 Rh7 46. Qb8+ Kf7 47. Qc7+ Bd7 48. R1f2 Rh5 49. Qf4 Rxh3+ 50. Kxh3 0-1

[Event "Brandenburg-ch Seniors 22nd"]
[Site "Berlin"]
[Date "2006.02.23"]
[Round "4"]
[White "Lakakis, Ioannis"]
[Black "Prinz, Tade"]
[Result "1-0"]
[WhiteElo "1687"]
[BlackElo "1559"]
[PlyCount "65"]
[EventDate "2006.02.20"]
[EventType "swiss"]
[EventRounds "9"]
[EventCountry "GER"]
[SourceTitle "EXT 2007"]
[Source "ChessBase"]
[SourceDate "2006.11.23"]
[SourceVersion "1"]
[SourceVersionDate "2006.11.23"]
[SourceQuality "1"]

1. e4 e5 2. Nf3 Nc6 3. Bc4 Nf6 4. d3 Be7 5. 0-0 d6 6. h3 Bd7 7. a3 a6 8. Nc3 Na5 9. Ba2 c5 10. Nh2 Nc6 11. f4 Nd4 12. f5 Bc6 13. Ng4 h5 14. Ne3 Rc8 15. Ncd5 Nb5 16. a4 Na7 17. c3 Rb8 18. Bb3 b6 19. Ba2 Qd7 20. Qb3 c4 21. Qxc4 b5 22. Qb4 0-0 23. a5 Nxd5 24. Nxd5 Bxd5 25. Bxd5 Bf6 26. Qb3 Qc7 27. Qd1 h4 28. Qh5 Qc5+ 29. Kh1 Nc6 30. Bg5 Ne7 31. Bxf6 Nxd5 32. Bxg7 Ne3 33. Qh8# 1-0

[Event "Berlin op 04"]
[Site "Berlin"]
[Date "2004.04.11"]
[Round "2"]
[White "Lakakis, Ioannis"]
[Black "Kinder, Jan"]
[Result "1-0"]
[WhiteElo "1706"]
[BlackElo "1999"]
[PlyCount "81"]
[EventDate "2004.04.10"]
[EventType "swiss"]
[EventRounds "9"]
[EventCountry "GER"]
[SourceTitle "EXT 2007"]
[Source "ChessBase"]
[SourceDate "2006.11.23"]
[SourceVersion "1"]
[SourceVersionDate "2006.11.23"]
[SourceQuality "1"]

1. e4 c5 2. Nf3 Nc6 3. d4 cxd4 4. Nxd4 Nf6 5. Nc3 d6 6. Be2 g6 7. Be3 Bg7 8. 0-0 0-0 9. f4 d5 10. e5 Ne8 11. a3 Nc7 12. Bf3 Nxd4 13. Bxd4 b6 14. Ne2 Ba6 15. c3 Rc8 16. Re1 Ne6 17. g3 Nc7 18. f5 gxf5 19. Nf4 e6 20. Nh5 Ne8 21. Qd2 Rc7 22. Qf4 Bc8 23. Nxg7 Nxg7 24. Kh1 Kh8 25. Qh6 Rg8 26. Be3 Qf8 27. Bg5 Ne8 28. Qh4 Rc4 29. Bf4 Qc5 30. Rf1 Ba6 31. b4 Qc7 32. Rg1 Rxc3 33. Rac1 d4 34. Rxc3 Qxc3 35. Bg2 Qxa3 36. Qe7 Bc4 37. Bg5 Kg7 38. Bf6+ Kg6 39. g4 f4 40. Be4+ Kh6 41. g5+ 1-0

[Event "Lefkos Pyrgos int 7th"]
[Site "Thessaloniki"]
[Date "2003.12.23"]
[Round "5"]
[White "Argiroudis, Stamatis"]
[Black "Lakakis, Ioannis"]
[Result "1-0"]
[WhiteElo "2219"]
[BlackElo "1979"]
[PlyCount "53"]
[EventDate "2003.12.20"]
[EventType "swiss"]
[EventRounds "9"]
[EventCountry "GRE"]
[SourceTitle "CBM 097 Extra"]
[Source "ChessBase"]
[SourceDate "2004.01.13"]
[SourceVersion "1"]
[SourceVersionDate "2004.01.13"]
[SourceQuality "1"]

1. d4 Nf6 2. Nf3 g6 3. c4 c5 4. Nc3 cxd4 5. Nxd4 Nc6 6. g3 Bg7 7. Bg2 0-0 8. 0-0 e5 9. Ndb5 a6 10. Nd6 Qc7 11. Bg5 Nd4 12. Bxf6 Qxd6 13. Bxg7 Kxg7 14. e3 Nf5 15. Qe2 Ne7 16. Rfd1 Qc7 17. Ne4 Nc6 18. Nd6 Nd4 19. exd4 Qxd6 20. dxe5 Qb6 21. Rd6 Qc5 22. Bd5 a5 23. Qf3 Ra6 24. Qf6+ Kg8 25. Re1 Qc7 26. Re3 b5 27. Rf3 1-0